000 01572cam a22003011 4500
001 hew66000031
003 DLC
005 20260227111514.0
008 800205s1965 dcu f000 0 eng c
010 _ahew66000031
035 _a(OCoLC)5954857
040 _aU.S. Department of Health, Education, and Welfare. Library
_cArU
_dOCoLC
_dDLC
042 _apremarc
050 0 0 _aL111
_b.A6 1966, no. 4
051 _aS533
_b.J6
_cCopy 2.
082 _a630.7
110 2 _aJoint Committee of the U.S. Office of Education and the American Vocational Association.
245 1 0 _aObjectives for vocational and technical education in agriculture.
260 _a[Washington]
_bU.S. Dept. of Health, Education, and Welfare, Office of Education;
_b[for sale by the Superintendent of Documents, U.S. Govt. Print. Off.,
_c1965]
300 _av, 12 p.
_c24 cm.
410 1 0 _aUnited States.
_bOffice of Education.
_tBulletin 1966,
_vno. 4
500 _a"OE-81011."
500 _a"Designed to supersede Monograph No. 21, Educational objectives in vocational agriculture ... last revised and published by the U.S. Office of Education in 1955."
501 _aL111.A6 with: Educational developments in the Congo (Leopoldville) / Betty George. Washington : U. S. Dept. of Health, Education, and Welfare, Office of Education, 1966. Bound together subsequent to publication.
_5DLC
650 0 _aAgricultural education
_zUnited States.
650 0 _aVocational education
_zUnited States.
710 1 _aUnited States.
_bOffice of Education.
_tEducational objectives in vocational agriculture.
999 _c34589
_d34589